|
|
|
|
| LEADER |
00000nab a2200000 a 4500 |
| 001 |
vtls010258971 |
| 003 |
SK-MaSNL |
| 005 |
20260304233838.0 |
| 008 |
25050719c2009 xo o |||||||||||||||slol |
| 015 |
|
|
|a SNBRB2009/08
|
| 035 |
|
|
|a SVKKK000096806
|
| 035 |
|
|
|a urn:nbn:sk:snk-abc6um
|
| 035 |
|
|
|a (urnnbn)urn:nbn:sk:snk:ar-006bgq
|
| 035 |
|
|
|a (uuid)bfb82fbf-2606-4bbc-b6b7-83df3e8160a3
|
| 038 |
|
|
|a SVKKK
|
| 040 |
|
|
|a SNKBUCL
|b slo
|c SNKBUCL
|e AACR2
|
| 041 |
0 |
|
|a slo
|a eng
|
| 044 |
|
|
|a xo
|c SK
|
| 080 |
|
|
|a 504.54
|x (437.6)
|2 1997
|
| 100 |
1 |
|
|a Izakovičová, Zita,
|d 1959-
|4 aut
|9 94230
|
| 245 |
1 |
0 |
|a Metodika integrovaného manažmentu krajiny
|c Zita Izakovičová
|
| 246 |
3 |
1 |
|a Methodology of integrated landscape management
|
| 504 |
|
|
|a Bibliogr. odkazy
|
| 650 |
0 |
7 |
|a integrovaný manažment krajiny
|2 snkbucl
|9 263956
|
| 773 |
0 |
|
|t Životné prostredie
|g Roč. 43, č. 2 (2009), s. 77
|x 0044-4863
|
| 850 |
|
|
|a Slovenská národná knižnica
|
| 852 |
|
|
|a Slovenská národná knižnica
|
| 954 |
|
|
|a odborná, vedecká literatúra pôvodná (slovenská)
|2 lita
|
| 958 |
|
|
|a article15
|
| 958 |
|
|
|a OND
|
| 958 |
|
|
|a NB
|
| 958 |
|
|
|a EUIPO
|
| 999 |
|
|
|c 3200423
|d 3202353
|